| 000 | 00392nam a2200169Ia 4500 | ||
|---|---|---|---|
| 008 | 230524s9999 xx 000 0 und d | ||
| 020 | _a9788126539550 | ||
| 082 | _bPAI | ||
| 100 |
_aB.U.Pai _942621 |
||
| 245 | 0 | _aTurbomachines | |
| 250 | _a1 | ||
| 260 |
_aNew Delhi _bWiley India _c2015 |
||
| 300 | _a"XXII,381p:" | ||
| 500 | _aQuantity Number: 1 | ||
| 650 | _aMechanics | ||
| 942 | _cBK | ||
| 999 |
_c57632 _d57632 |
||